Central Library OPAC University of Rajshahi

Introduction to mass communications / (Record no. 47302)

MARC details
000 -LEADER
fixed length control field 00929nam a2200289 a 4500
001 - CONTROL NUMBER
control field 47302
003 - CONTROL NUMBER IDENTIFIER
rucl marc code BD-RjUL
005 - DATE AND TIME OF LATEST TRANSACTION
control field 20211209054306.0
008 - FIXED-LENGTH DATA ELEMENTS--GENERAL INFORMATION
fixed length control field 160808s1965 ii b 001 0 eng
035 ## - SYSTEM CONTROL NUMBER
System control number (BD-RjUL)47421
040 ## - CATALOGING SOURCE
Original cataloging agency DLC
Transcribing agency DLC
Modifying agency DLC
-- BD-RjUL
Language of cataloging eng
041 ## - LANGUAGE CODE
Language code of text/sound track or separate title eng
082 00 - DEWEY DECIMAL CLASSIFICATION NUMBER
Classification number 302.23
Edition number 23
Author mark and year EMI 1965
100 1# - MAIN ENTRY--PERSONAL NAME
Personal name Emery, Edwin
9 (RLIN) 143972
245 10 - TITLE STATEMENT
Title Introduction to mass communications /
Statement of responsibility, etc. [by] Edwin Emery, Phillip H. Ault [and] Warren K. Agee /
250 ## - EDITION STATEMENT
Edition statement 2d ed.
260 ## - PUBLICATION, DISTRIBUTION, ETC. (IMPRINT)
Place of publication, distribution, etc. India :
Name of publisher, distributor, etc. Vakils, feffer and simons pivate ltd. ;
Date of publication, distribution, etc. 1965 [Reprint 1969]
300 ## - PHYSICAL DESCRIPTION
Pagination xii, 434 p. ;
Size 24 cm.
500 ## - GENERAL NOTE
General note Includes index
504 ## - BIBLIOGRAPHY, ETC. NOTE
Bibliography, etc Bibliography: p. 399-422.
650 #0 - SUBJECT ADDED ENTRY--TOPICAL TERM
Topical term or geographic name as entry element Mass media.
9 (RLIN) 143973
700 11 - ADDED ENTRY--PERSONAL NAME
Personal name Ault, Phillip H.,
Dates associated with a name 1914-
Relator term joint author.
Personal name Agee, Warren Kendall,
Relator term joint author.
942 ## - ADDED ENTRY ELEMENTS (KOHA)
Source of classification or shelving scheme Dewey Decimal Classification
Koha item type Books
Holdings
Lost status Source of classification or shelving scheme Damaged status Not for loan Collection code Permanent Location Current Location Shelving location Date acquired Source of acquisition Total Checkouts Full call number Date last seen Copy number Koha item type
  Dewey Decimal Classification     Non-fiction Central Library, University of Rajshahi Central Library, University of Rajshahi   05/07/1976 USIS.   302.23 EMI 1965 08/08/2016 C-2 Books
  Dewey Decimal Classification   Not For Loan Non-fiction Central Library, University of Rajshahi Central Library, University of Rajshahi Reading Room 05/07/1976 USIS   302.23 EMI 1969 21/12/2016 C-1 Books